000 00581nam a2200181Ia 4500
008 090630s9999 xx 000 0 und d
082 _b18870
100 _aपटवर्धन विश्वास.
245 _aउपवास.
_cपटवर्धन विश्वास.
260 _bघरकुल - पुणे.
_c1995
300 _a40
600 _aपटवर्धन विश्वास.
630 _aउपवास.
655 _aइतर.
700 _aपटवर्धन विश्वास.
730 _aउपवास.
942 _cBOOK
999 _c270726
_d270726